000 00804nam a2200277Ia 4500
003 OSt
005 20221006160054.0
006 a|||||r|||| 00| 0
007 ta
008 221006b |||||||| |||| 00| 0 eng d
020 _a9788989443056
_c
_621.00
024 _a44,207
037 _bGift, KCC (Window on Korea)
_cTextual
040 _aEASL
_cEASL
_beng
041 _2eng
_aeng
082 _aV42:19495.M76, P6
100 _aKim Yongkoo
_9671777
245 0 _aKorea and Japan
_b The clash of worldviews, 1868-1876
260 _aSeoul
_bCIRCLE Korea
_c2006
300 _a177p.
_ccm.
490 _v KEL
650 _a KEL
650 _aKyorin order
_9671778
942 _hV42:19495.M76, P6
_cTEXL
_2CC
999 _c1112299
_d1112299